Statistics for English soccer teams by logo

Click here to take the quiz!

General Stats

  • This quiz has been taken 1,531 times
    (1,513 since last reset)
  • The average score is 16 of 17

Answer Stats

Answer% Correct
Arsenal
100%
Chelsea
100%
Liverpool
100%
West Ham
99%
Brighton
96%
Everton
96%
Manchester city
96%
Manchester united
96%
Tottenham
96%
Watford
96%
Leicester city
95%
Newcastle
95%
wolves
90%
Cardiff
88%
Fulham
87%
Burnley
86%
Huddersfield town
69%

Score Distribution

Percentile by Number Answered

Percent of People with Each Score

Your Score History

You have not taken this quiz since the last reset